| 000 | 01208nam a2200277 a 4500 | ||
|---|---|---|---|
| 001 | 000029441 | ||
| 005 | 20240410073847.0 | ||
| 008 | 110415t2003 dr r 000 0 spa d | ||
| 020 | _a9993455369 | ||
| 040 |
_aDO-SdBNP _bspa _cBNPHU |
||
| 082 | _aF-RD 50 | ||
| 100 | 1 |
_aSerra, José María, _d1819-1888 _910480 |
|
| 245 | 1 | 0 |
_aApuntes para la historia de los Trinitarios / _cJosé María Serra ; edición de Tomás Castro Burdiez. |
| 250 | _a7ª ed. | ||
| 260 |
_aSanto Domingo : _bFundación para la Educación y el Arte (EDUCARTE), _c2003. |
||
| 300 |
_a28 p. ; _c21 cm. |
||
| 490 | 1 |
_aCuadernos educativos y culturales. Serie independencia nacional _v9 |
|
| 504 | _aIncluye referencias bibliográficas y notas al pie de las páginas. | ||
| 590 | _aInventariado, 2018/BT | ||
| 610 | 2 | 4 |
_aLA TRINITARIA (SOCIEDAD POLÍTICA DE LA REPÚBLICA DOMINICANA) _910481 |
| 651 | 0 |
_aRepública Dominicana -- _xHistoria -- _y1844-1930 _91009 |
|
| 651 | 4 |
_aRepública Dominicana _xHistoria _yOCUPACIÓN HAITIANA, 1822-1844 _97666 |
|
| 700 | 2 |
_aCastro, Tomás, _d1959- _eed. _924641 |
|
| 830 | 0 |
_aCuadernos educativos y culturales. Serie independencia nacional _n9 _956317 |
|
| 910 | _aValidado. Control de calidad. EMS | ||
| 999 |
_c28933 _d28933 |
||